000 01190cam a22002414a 4500
005 20250605164327.0
008 250528s ||||||||||||||||||||||||d
035 _a23116
020 _a415370698
040 _aGR-AtMCL
_bgre
_dGR-AtMCL
_eAACR2
245 1 _aTheories of Crime
250 _a1st
260 _bRoutledge - Taylor & Francis Group,
_c2006
300 _a208
520 _aPresenting a clear, comprehensive review of theoretical thinking on crime, this book encourages students to develop a deeper understanding of classic and contemporary theories, and provides an interdisciplinary approach to criminology through the contributions of sociology, psychology and biology. Preface, Crime: The Historical Context, Biological Explanations for Criminal Behaviour, Psychological Explanations for Criminal Behaviour, Sociological Explanations for Criminal Behaviour, Explaining the Criminal Behaviour of Women, Explaining the Criminal Behaviour of Ethic Minorities, References, Index.
700 1 _aMarsh Ian
_98673
700 1 _aMorgan Keith
_98674
700 1 _aNorris Gareth
_98675
700 1 _aWalkington Zoe
_98676
942 _cBK
999 _c8146
_d8146